00942nam a2200181Ia 4500020001800000082001900018100001800037245001700055260004200072500042100114504008200535650002200617650003200639650003400671700001800705700001900723700001800742 a0-8393-6080-0 aRR 909.82 TWE- aCross, R.W./s 0a20th century aLondonbPurnell Reference Booksc1979 acontents: 20Vols. Vol.1.(xii, 1-140p.) - v.2.(141-280p.) - v.3.(281-420p.) - v.4.(421-560p.) - v.5.(561-700p.) - v.6.(701-840p.) - v.7.(841-980p.) - v.8.(981-1120p.) - v.9.(1121-1260p.) - v.10.(1261-1400p.) - v.11.(1401-1540p.) - v.12.(1541-1680p.) - v.13.(1681-1820p.) - v.14.(1821-1960p.) - v.15.(1961-2100p.) - v.16.(2101-2240p.) - v.17.(2241-2380p.) - v.18.(2381-2520p.) - v.19.(2521-2660p.) - v.20.(2661-2832p.) aedition for 1971 published under title: Purnell's history of the 20th century aUniversal history aWorld historyz20th century aHistoryvModernz20th century aCross, R.W.  aTaylor, A.J.P. aRoberts, J.M.